<?xml version="1.0" encoding="UTF-8"?>
<record
    xmlns:xsi="http://www.w3.org/2001/XMLSchema-instance"
    xsi:schemaLocation="http://www.loc.gov/MARC21/slim http://www.loc.gov/standards/marcxml/schema/MARC21slim.xsd"
    xmlns="http://www.loc.gov/MARC21/slim">

  <leader>01070nam a2200229 a 4500</leader>
  <controlfield tag="001">83438</controlfield>
  <controlfield tag="003">BD-RjUL</controlfield>
  <controlfield tag="005">20250430103337.0</controlfield>
  <controlfield tag="008">240321s1974    ii |||||||||||||||||urd d</controlfield>
  <datafield tag="035" ind1=" " ind2=" ">
    <subfield code="a">(BD-RjUL)83438</subfield>
  </datafield>
  <datafield tag="040" ind1=" " ind2=" ">
    <subfield code="a">NNL</subfield>
    <subfield code="b">ara</subfield>
    <subfield code="c">BD-RjUL</subfield>
  </datafield>
  <datafield tag="041" ind1="0" ind2=" ">
    <subfield code="a">urd</subfield>
  </datafield>
  <datafield tag="082" ind1=" " ind2=" ">
    <subfield code="2">23</subfield>
    <subfield code="a">954.092</subfield>
    <subfield code="b">AZG 1974</subfield>
  </datafield>
  <datafield tag="100" ind1="1" ind2=" ">
    <subfield code="a">&#x622;&#x632;&#x627;&#x62F;&#x60C; &#x627;&#x628;&#x648; &#x627;&#x644;&#x643;&#x644;&#x627;&#x645;&#x60C;</subfield>
    <subfield code="d">1888-1958</subfield>
    <subfield code="9">12474</subfield>
  </datafield>
  <datafield tag="245" ind1="1" ind2="0">
    <subfield code="a"> &#x63A;&#x628;&#x627;&#x631; &#x62E;&#x627;&#x637;&#x631; : &#x642;&#x644;&#x639;&#x6C2; &#x627;&#x62D;&#x645;&#x62F;&#x646;&#x6AF;&#x631; &#x6A9;&#x649; &#x627;&#x633;&#x649;&#x631;&#x649; (&#x627;&#x632; 19 &#x627;&#x6AF;&#x633;&#x62A; 42 &#x62A;&#x627; 15 &#x62C;&#x648;&#x646; 1945) &#x6A9;&#x6D2; &#x632;&#x645;&#x627;&#x646;&#x6D2; &#x6A9;&#x649; &#x628;&#x639;&#x636;&#x649; &#x62A;&#x62D;&#x631;&#x649;&#x631;&#x627;&#x62A; / G&#x332;h&#x332;ub&#x101;r-i k&#x332;h&#x332;&#x101;t&#x324;ir : Qil&#x2BB;ah-yi A&#x1E25;madnagar k&#x12B; as&#x12B;r&#x12B; (az 19 Agast 42 t&#x101; 15 J&#x16B;n 1945) ke zam&#x101;ne k&#x12B; ba&#x2BB;&#x1E93;&#x12B; ta&#x1E25;r&#x12B;r&#x101;t /</subfield>
    <subfield code="c">&#x627;&#x632; &#x627;&#x628;&#x648;&#x627;&#x644;&#x643;&#x644;&#x627;&#x645; &#x622;&#x632;&#x627;&#x62F; &#x61B; &#x645;&#x631;&#x62A;&#x628;&#x647; &#x645;&#x627;&#x644;&#x643; &#x631;&#x627;&#x645;. Ab&#x16B;lkal&#x101;m &#x100;z&#x101;d martabah Malik Ram</subfield>
  </datafield>
  <datafield tag="260" ind1=" " ind2=" ">
    <subfield code="a">&#x646;&#x626;&#x649; &#x62F;&#x644;&#x649; :</subfield>
    <subfield code="b">&#x633;&#x627;&#x647;&#x62A;&#x64A;&#x647; &#x627;&#x643;&#x627;&#x62F;&#x645;&#x649;&#x60C;</subfield>
    <subfield code="c">1974.</subfield>
  </datafield>
  <datafield tag="300" ind1=" " ind2=" ">
    <subfield code="a">308 p. &#x635;.</subfield>
    <subfield code="c">18 cm</subfield>
  </datafield>
  <datafield tag="650" ind1=" " ind2=" ">
    <subfield code="a">Personal correspondence Statesmen</subfield>
    <subfield code="9">12475</subfield>
  </datafield>
  <datafield tag="650" ind1=" " ind2=" ">
    <subfield code="a"> Statesmen India Correspondence</subfield>
    <subfield code="9">12476</subfield>
  </datafield>
  <datafield tag="700" ind1="1" ind2=" ">
    <subfield code="a"> Ram, Malik  ;;  &#x631;&#x627;&#x645;&#x60C; &#x645;&#x627;&#x644;&#x643;</subfield>
    <subfield code="9">15371</subfield>
  </datafield>
  <datafield tag="942" ind1=" " ind2=" ">
    <subfield code="2">ddc</subfield>
    <subfield code="c">BK</subfield>
  </datafield>
  <datafield tag="999" ind1=" " ind2=" ">
    <subfield code="c">83438</subfield>
    <subfield code="d">83438</subfield>
  </datafield>
  <datafield tag="952" ind1=" " ind2=" ">
    <subfield code="0">0</subfield>
    <subfield code="1">0</subfield>
    <subfield code="2">ddc</subfield>
    <subfield code="4">0</subfield>
    <subfield code="7">1</subfield>
    <subfield code="8">NFIC</subfield>
    <subfield code="a">RUCL</subfield>
    <subfield code="b">RUCL</subfield>
    <subfield code="c">Reading</subfield>
    <subfield code="d">1968-03-27</subfield>
    <subfield code="e">Kegan poul</subfield>
    <subfield code="o">U 954.092 AZG 1974</subfield>
    <subfield code="r">2024-03-21 00:00:00</subfield>
    <subfield code="t">C-1</subfield>
    <subfield code="y">BK</subfield>
  </datafield>
  <datafield tag="952" ind1=" " ind2=" ">
    <subfield code="0">0</subfield>
    <subfield code="1">0</subfield>
    <subfield code="2">ddc</subfield>
    <subfield code="4">0</subfield>
    <subfield code="7">0</subfield>
    <subfield code="8">NFIC</subfield>
    <subfield code="a">RUCL</subfield>
    <subfield code="b">RUCL</subfield>
    <subfield code="c">GEN</subfield>
    <subfield code="d">1969-05-09</subfield>
    <subfield code="e">S.H .mubarak ali ; Lahore</subfield>
    <subfield code="g">4.50</subfield>
    <subfield code="o">954.092 AZG 1974</subfield>
    <subfield code="s">0000-00-00</subfield>
    <subfield code="t">C-2</subfield>
    <subfield code="y">BK</subfield>
  </datafield>
  <datafield tag="952" ind1=" " ind2=" ">
    <subfield code="0">0</subfield>
    <subfield code="1">0</subfield>
    <subfield code="2">ddc</subfield>
    <subfield code="4">0</subfield>
    <subfield code="7">0</subfield>
    <subfield code="8">NFIC</subfield>
    <subfield code="a">RUCL</subfield>
    <subfield code="b">RUCL</subfield>
    <subfield code="c">GEN</subfield>
    <subfield code="d">1968-03-27</subfield>
    <subfield code="e">Kegan poul</subfield>
    <subfield code="o">U 954.092 AZG 1974</subfield>
    <subfield code="r">2024-03-21 00:00:00</subfield>
    <subfield code="t">C-3</subfield>
    <subfield code="y">BK</subfield>
  </datafield>
  <datafield tag="952" ind1=" " ind2=" ">
    <subfield code="0">0</subfield>
    <subfield code="1">0</subfield>
    <subfield code="2">ddc</subfield>
    <subfield code="4">0</subfield>
    <subfield code="7">0</subfield>
    <subfield code="8">NFIC</subfield>
    <subfield code="a">RUCL</subfield>
    <subfield code="b">RUCL</subfield>
    <subfield code="c">GEN</subfield>
    <subfield code="d">1968-03-27</subfield>
    <subfield code="e">Kegan poul</subfield>
    <subfield code="o">U 954.092 AZG 1974</subfield>
    <subfield code="r">2024-03-21 00:00:00</subfield>
    <subfield code="t">C-4</subfield>
    <subfield code="y">BK</subfield>
  </datafield>
  <datafield tag="952" ind1=" " ind2=" ">
    <subfield code="0">0</subfield>
    <subfield code="1">0</subfield>
    <subfield code="2">ddc</subfield>
    <subfield code="4">0</subfield>
    <subfield code="7">0</subfield>
    <subfield code="8">NFIC</subfield>
    <subfield code="a">RUCL</subfield>
    <subfield code="b">RUCL</subfield>
    <subfield code="c">GEN</subfield>
    <subfield code="d">2025-04-30</subfield>
    <subfield code="g">5.00</subfield>
    <subfield code="o">U 954.092 AZG 1974</subfield>
    <subfield code="r">2025-04-30 00:00:00</subfield>
    <subfield code="t">C-5</subfield>
    <subfield code="y">BK</subfield>
  </datafield>
  <datafield tag="952" ind1=" " ind2=" ">
    <subfield code="0">0</subfield>
    <subfield code="1">0</subfield>
    <subfield code="2">ddc</subfield>
    <subfield code="4">0</subfield>
    <subfield code="7">0</subfield>
    <subfield code="8">NFIC</subfield>
    <subfield code="a">RUCL</subfield>
    <subfield code="b">RUCL</subfield>
    <subfield code="c">GEN</subfield>
    <subfield code="d">2025-08-27</subfield>
    <subfield code="l">0</subfield>
    <subfield code="o">U 954.092 AZG 1962</subfield>
    <subfield code="r">2025-08-27 00:00:00</subfield>
    <subfield code="t">C-6</subfield>
    <subfield code="w">2025-08-27</subfield>
    <subfield code="y">BK</subfield>
  </datafield>
</record>
